Giáo trình luật hành chính Việt Nam
Giới thiệu, cập nhật và phân tích những quy phạm pháp luật trong lĩnh vực tổ chức và hoạt động hành chính nhà nước Cộng hòa Xã hội Chủ nghĩa Việt Nam
Guardado en:
| Autor principal: | |
|---|---|
| Formato: | Libro |
| Lenguaje: | Undetermined |
| Publicado: |
Hà Nội
Chính trị Quốc gia
2008
|
| Materias: | |
| Etiquetas: |
Agregar Etiqueta
Sin Etiquetas, Sea el primero en etiquetar este registro!
|
| Thư viện lưu trữ: | Trung tâm Học liệu Trường Đại học Cần Thơ |
|---|
| LEADER | 00886nam a2200217Ia 4500 | ||
|---|---|---|---|
| 001 | CTU_140000 | ||
| 008 | 210402s9999 xx 000 0 und d | ||
| 020 | |c 100000 | ||
| 082 | |a 351.597 | ||
| 082 | |b V308 | ||
| 100 | |a Nguyễn, Cửu Việt | ||
| 245 | 0 | |a Giáo trình luật hành chính Việt Nam | |
| 245 | 0 | |c Nguyễn Cửu Việt | |
| 260 | |a Hà Nội | ||
| 260 | |b Chính trị Quốc gia | ||
| 260 | |c 2008 | ||
| 520 | |a Giới thiệu, cập nhật và phân tích những quy phạm pháp luật trong lĩnh vực tổ chức và hoạt động hành chính nhà nước Cộng hòa Xã hội Chủ nghĩa Việt Nam | ||
| 650 | |a Administrative law,Luật hành chính | ||
| 650 | |z Vienamese,Việt Nam | ||
| 904 | |i Hạ Nguyên | ||
| 980 | |a Trung tâm Học liệu Trường Đại học Cần Thơ | ||